000 00416nam a2200157 i 4500
001 bg
100 1 _aCECULIN, Boris B.
245 0 _aCikliceskaja i korrozionnaja procnost' titanovych splavov /
_cB.B. Ceculin, J.D. Chesin.
260 _aMoskva,
_c1987.
700 1 _aCHESIN, Julij D.
040 _cBPK
041 _apol
080 _a669.295:620.197
942 _cKS
008 s pl f |000 0 pol
999 _c23672
_d23672